Statistics for Teams That Have Beaten Alabama Since 2008 College Football

Click here to take the quiz!

General Stats

  • This quiz has been taken 3,762 times
  • The average score is 9 of 12

Answer Stats

DateBowl GameScoreTeam% Correct
11/26/2010Iron Bowl28-27Auburn
97%
11/30/2013Iron Bowl34-28Auburn
97%
11/6/2010-24-21LSU
91%
11/5/2011-9-6 (OT)LSU
91%
1/1/2015CFP Semifinal- 2015 Allstate Sugar Bowl42-35Ohio State
91%
12/6/20082008 SEC Championship Game31-20Florida
90%
10/4/2014-23-17Ole Miss
74%
9/19/2015-43-37Ole Miss
74%
11/10/2012-29-24Texas A&M
74%
1/2/20142014 Allstate Sugar Bowl45-31Oklahoma
73%
10/9/2010-35-21South Carolina
51%
1/2/20092009 Allstate Sugar Bowl31-17Utah
45%

Score Distribution

Percentile by Number Answered

Percent of People with Each Score

Your Score History

You have not taken this quiz